000 00389nam a22001577a 4500
020 _a978-1-292-35314-2
082 _a658.45
100 _aBovee, Courtland L.
245 _aBusiness Communication Today
250 _a15th
260 _aHarlow:
_bPearson Education,
_c2024
300 _a704p.: ill.; 28cm
500 _aTABLE OF CONTENTS:
700 _aThill, John V.
942 _cBK
999 _c22106
_d22106